00938nam a2200229 a 450000100100000000500170001000800410002704000250006808200180009310000400011124500430015126000420019430000280023650000640026459000260032865000310035465000350038591000370042095201150045795201210057299900150069300000947520200929161616.0090930s1999 dr a 000 p eng d aDO-SdBNPbspacBNPHU a861.44bA577c1 aAndújar, Alexander,d1979-92428010aCamelot Ablaze /cAlexander Andújar. aSanto Domingo :bAlfa & Omega,c1999. a128 p. :bil. ;c22 cm. aIncluye datos biográficos del autor en la contracubierta. aInventariado, 2018/VM 4aNovela estadounidense9262 4aLiteratura estadounidense9263 aValidado. Control de calidad MFF 0010718PDaPDbPDcHDd2009-09-30iLF1l0o861.44 A577cp9475-10r2020-06-25w2020-06-25yLFPDZNo se presta 0010718PDaPDbPDcHDd2009-09-30iLF1l0o861.44 A577cp9475-20r2020-06-25te. 2w2020-06-25yLFPDZNo se presta c9235d9235